Страны с наибольшим количеством олимпийских медалей по плаванию - Statistics

General Stats
  • This quiz has been taken 82 times
  • The average score is 12 of 16
Answer Stats
З С Б Медали Страна % Correct
265 192 151 608 Соединенные Штаты
100%
7 11 10 28 Россия
97%
18 24 19 61 Китай
95%
12 17 22 51 Франция
95%
19 30 52 101
Германия
вкл. Западная Германия
91%
24 28 32 84 Япония
89%
12 20 31 63 Канада
89%
7 8 20 35 Италия
86%
21 35 31 87 Великобритания
80%
76 79 77 232 Австралия
72%
11 16 14 41 Швеция
71%
23 21 21 65 Нидерланды
57%
18 24 27 69 Советский Союз вкл. Объединенная команда
57%
8 8 6 22 ЮАР
43%
32 28 21 81 Венгрия
34%
38 32 22 92 Восточная Германия
2%
No matching quizzes found
Score Distribution
Percent of People with Each Score
Percentile by Number Answered
Your Score History
You have not taken this quiz